[Event "HUN-chT"]
[Site "HUN"]
[Date "1993.??.??"]
[Round "?"]
[White "Lenart, Endre"]
[Black "Tolnai, Tibor"]
[Result "0-1"]
[WhiteElo "2295"]
[BlackElo "2495"]

1.d4 Nf6 2.c4 g6 3.Nf3 Bg7 4.g3 O-O 5.Bg2 d6 6.O-O Nbd7 7.Nc3 e5 8.e4 c6
9.b3 exd4 10.Nxd4 Re8 11.h3 Nc5 12.Re1 Bd7 13.Bf4 Qb6 14.Bxd6 Nfxe4 15.Bxe4 Nxe4
16.Rxe4 Rxe4 17.Nxe4 Qxd4 18.Qxd4 Bxd4 19.Rd1 Bg7 20.Bb8 Rxb8 21.Rxd7 Bf8
22.Kf1 h6 23.Nf6+ Kg7 24.Ng4 h5 25.Ne5 Kf6 26.Nxf7 Ke6 27.Rd8 Rxd8 28.Nxd8+ Kd7
29.Nf7 Ke6 30.Ng5+ Kf5 31.h4 Be7 32.f4 Kg4 33.Kg2 Bb4 34.Nf7 Kf5 35.Kf3 Be7
36.Ne5 Bb4 37.Nd3 Bc3 38.a4 Bd2 39.Nc5 b6 40.Nd7 Bc3 41.Nb8 c5 42.Na6 Ke6
43.Nc7+ Kd7 44.Nb5 Be1 45.Nxa7 Bb4 46.Nb5 Kc6 47.f5 gxf5 48.Kf4 Be1 49.Kxf5 Bxg3
50.Kg5 Kb7 51.Kxh5 Be5 52.Kg6 Ka6 53.Kf5 Bb2 54.Nc7+  0-1

[Event "HUN-chT"]
[Site "HUN"]
[Date "1993.??.??"]
[Round "?"]
[White "Horvath, Peter"]
[Black "Szuk, Balazs"]
[Result "0-1"]
[WhiteElo "2365"]
[BlackElo "2310"]

1.d4 Nf6 2.Nf3 g6 3.c4 Bg7 4.g3 O-O 5.Bg2 d6 6.Nc3 Nc6 7.O-O e5 8.d5 Ne7
9.e4 Nd7 10.Ne1 f5 11.Nd3 Nf6 12.f4 Nxe4 13.Nxe4 fxe4 14.Bxe4 Bh3 15.Re1 c6
16.Be3 cxd5 17.cxd5 Bf5 18.Bf2 Bxe4 19.Rxe4 Qa5 20.fxe5 Qxd5 21.Qe2 dxe5
22.Nxe5 Nc6 23.Nxc6 bxc6 24.Rd1 Qxa2 25.Rd7 Rf7 26.Re8+ Rxe8 27.Qxe8+ Rf8
28.Qe3 Qxb2 29.Qxa7 Qe5 30.Qa2+ Kh8 31.Qa7 Qf5 32.Rb7 Qc2 33.Rb8 Qd1+ 34.Kg2 Qd5+
35.Kg1 Qd6 36.Rxf8+ Bxf8 37.Qf7 Qd1+ 38.Kg2 Qd5+ 39.Qxd5 cxd5 40.Kf3 Kg7
41.Bd4+ Kf7 42.Kf4 Ke6 43.h4 Bd6+ 44.Kf3 Be5 45.Bf2 Bc3 46.h5 Ke5 47.hxg6 hxg6
48.Be3 d4 49.Bc1 Kd5 50.Kf4 Be1 51.Kg5 Bxg3 52.Kxg6 d3 53.Kf5 Be1 54.Be3 Bg3
55.Bg5 Bc7 56.Bd2 Kd4 57.Bg5 Bh2 58.Bd2 Bd6 59.Bg5 Bb4 60.Bf6+ Ke3 61.Bg5+ Kf3
62.Bc1 Be1 63.Bg5 Bf2 64.Bd2 Ke2  0-1

[Event "HUN-chT"]
[Site "HUN"]
[Date "1993.??.??"]
[Round "?"]
[White "Horvath, Csaba"]
[Black "Geller, Arpad"]
[Result "1-0"]
[WhiteElo "2515"]
[BlackElo "2290"]

1.d4 Nf6 2.Nf3 g6 3.c4 Bg7 4.g3 O-O 5.Bg2 d6 6.O-O Nbd7 7.Nc3 e5 8.e4 exd4
9.Nxd4 Re8 10.h3 Nc5 11.Re1 Bd7 12.Rb1 a5 13.Kh2 h6 14.b3 Nh7 15.Bb2 f5 16.Qd2 Ng5
17.exf5 gxf5 18.Rxe8+ Qxe8 19.Re1 Qh5 20.Nd5 Nce4 21.Qe2 Qxe2 22.Rxe2 Bxd4
23.Bxd4 c5 24.Bb2 Nh7 25.f3 Neg5 26.Re7 Re8 27.Rg7+ Kf8 28.Nf4  1-0

[Event "HUN-chT"]
[Site "HUN"]
[Date "1993.??.??"]
[Round "?"]
[White "Horvath, Peter"]
[Black "Balogh, Bela"]
[Result "1-0"]
[WhiteElo "2380"]
[BlackElo "2220"]

1.d4 Nf6 2.Nf3 g6 3.c4 Bg7 4.g3 O-O 5.Bg2 d6 6.Nc3 Nc6 7.O-O a6 8.d5 Na5
9.Nd2 c5 10.Qc2 Rb8 11.b3 b5 12.Bb2 e5 13.Nd1 Nh5 14.e3 Bf5 15.e4 Bd7 16.f4 f6
17.Bf3 Bh6 18.Bxh5 gxh5 19.Rf2 Bh3 20.Ne3 Rb7 21.Nf5 Bxf5 22.exf5 Rg7 23.Kh1 Rg4
24.Rg1 Nb7 25.Ne4 Qe8 26.h3 Rg7 27.fxe5 dxe5 28.Qe2 Kh8 29.Rfg2 Qf7 30.Rd1 h4
31.g4 Qe8 32.g5 fxg5 33.f6 Rg6 34.Rf1 Rf7 35.Rf5 Qd7 36.Qf3 Nd6 37.Nxd6 Qxd6
38.Bxe5 Qd7 39.Bb2 bxc4 40.bxc4 Rg8 41.Re5 Re8 42.Rxe8+ Qxe8 43.Re2 Qf8 44.Re7 Kg8
45.d6 Qc8 46.d7  1-0

[Event "HUN-chT"]
[Site "HUN"]
[Date "1993.??.??"]
[Round "?"]
[White "Horvath, Peter"]
[Black "Hazai, Laszlo"]
[Result "1/2-1/2"]
[WhiteElo "2365"]
[BlackElo "2470"]

1.d4 Nf6 2.Nf3 g6 3.c4 Bg7 4.g3 O-O 5.Bg2 d6 6.Nc3 Nc6 7.O-O e5 8.d5 Ne7
9.e4 Nd7 10.Ne1 f5 11.Nd3 Nf6 12.f4 Nxe4 13.Nxe4 fxe4 14.Bxe4 Bh3 15.Re1 c6
16.Be3 cxd5 17.cxd5 Nf5 18.Bf2 Qa5 19.fxe5 dxe5 20.Bc5 Rfd8 21.b4 Qa3 22.b5 Qa5
23.g4 Rac8 24.Qf3 Rxc5 25.Qxh3 Nd6 26.Nxc5 Qb6 27.Rac1 Rc8 28.Qa3 Bf8 29.Kh1 Nxe4
30.Rxe4 Bxc5 31.Qb3 Qd6 32.Qd3 b6 33.a4 Rd8 34.Rd1 Bd4 35.Rxd4 exd4 36.Qxd4 Re8
37.Qd3 Qf4 38.d6 Qxg4 39.d7 Rd8 40.Qd5+ Kg7  1/2-1/2

[Event "HUN-ch univ"]
[Site "HUN"]
[Date "1993.??.??"]
[Round "6"]
[White "Horvath, Peter"]
[Black "Peter, Ambrus"]
[Result "1-0"]
[WhiteElo "2380"]
[BlackElo "2295"]

1.d4 g6 2.Nf3 Bg7 3.c4 Nf6 4.g3 O-O 5.Bg2 d6 6.Nc3 Nbd7 7.O-O e5 8.e4 exd4
9.Nxd4 Re8 10.Re1 Ng4 11.h3 Nge5 12.Bf1 Nc5 13.Be3 c6 14.f4 Ned7 15.Bg2 a5
16.Bf2 a4 17.Qd2 Nb6 18.Bf1 h5 19.Rad1 Qf6 20.Nf3 Bf8 21.Bxc5 dxc5 22.e5 Qf5
23.Ne4 Be7 24.Nd6 Bxd6 25.Qxd6 Ra5 26.Ng5 Qd7 27.Qf6  1-0

[Event "HUN-ch univ"]
[Site "HUN"]
[Date "1993.??.??"]
[Round "8"]
[White "Horvath, Peter"]
[Black "Francsics, Endre"]
[Result "1-0"]
[WhiteElo "2380"]
[BlackElo "2185"]

1.d4 Nf6 2.Nf3 g6 3.c4 Bg7 4.g3 O-O 5.Bg2 d6 6.Nc3 Nbd7 7.O-O e5 8.e4 a5
9.h3 exd4 10.Nxd4 Nc5 11.Be3 Re8 12.f3 Nfd7 13.Re1 Ne5 14.Qe2 Be6 15.Nxe6 fxe6
16.Rad1 Qe7 17.f4 Nc6 18.h4 a4 19.Nb5 Nb4 20.a3 Nba6 21.h5 e5 22.hxg6 hxg6
23.f5 Nd7 24.fxg6 Qe6 25.Qh5 Nf6 26.Qh4 Qxc4 27.Bg5 Rf8 28.Rf1 Qe2 29.Bxf6 Bxf6
30.Qh7+  1-0

[Event "Jakarta Interzonal (Women)"]
[Site "Jakarta"]
[Date "1993.??.??"]
[Round "?"]
[White "Demina, Julia"]
[Black "Semenova, Lidia K"]
[Result "1/2-1/2"]
[WhiteElo "2365"]
[BlackElo "2285"]

1.Nf3 Nf6 2.c4 g6 3.d4 Bg7 4.g3 d6 5.Bg2 O-O 6.O-O c6 7.Nc3 Bf5 8.Nh4 Be6
9.d5 cxd5 10.cxd5 Bd7  1/2-1/2

[Event "Jakarta Interzonal (Women)"]
[Site "Jakarta"]
[Date "1993.??.??"]
[Round "?"]
[White "Gurieli, Nino"]
[Black "Wang Pin"]
[Result "0-1"]
[WhiteElo "2355"]
[BlackElo "2335"]

1.d4 Nf6 2.c4 g6 3.Nf3 Bg7 4.g3 O-O 5.Bg2 d6 6.Nc3 Nc6 7.O-O a6 8.b3 Rb8
9.Nd5 e6 10.Nxf6+ Qxf6 11.Bb2 Qe7 12.e4 e5 13.d5 Nd8 14.Ne1 f5 15.Nd3 fxe4
16.Bxe4 Nf7 17.Bg2 Bf5 18.Re1 Qd7 19.f4 exf4 20.Bxg7 Kxg7 21.Nxf4 Ne5 22.Qd4 Kh8
23.c5 Qg7 24.Kh1 Rbe8 25.cxd6 cxd6 26.Qb6 g5 27.Ne6 Bxe6 28.dxe6 Nd3 29.Rf1 Nf2+
30.Kg1 Rxe6 31.Rac1 Qb2 32.Rc4 Ref6 33.Qd4 Qxd4 34.Rxd4 g4 35.Rd2 Nh3+ 36.Bxh3 gxh3
37.Rfd1 Re8 38.Rxd6 Rxd6 39.Rxd6 Re1+ 40.Kf2 Rh1 41.a4 Rxh2+ 42.Kg1 Rg2+
43.Kh1 Rxg3 44.Rb6 Rg7 45.Kh2 Kg8 46.b4 Kf8 47.a5 Ke8 48.b5 axb5 49.Rxb5 Kd8
50.Kxh3 Kc7 51.Kh4 h6 52.Rb1 Rg5 53.Ra1 Kb8 54.a6 b5 55.a7+ Ka8 56.Ra6 Rg7
57.Rb6 Rb7 58.Rxh6 Kxa7 59.Kg4 b4 60.Kf3 b3 61.Rh1 b2 62.Rb1 Ka6 63.Ke2 Ka5
64.Kd2 Ka4 65.Kc2 Ka3 66.Rf1 Ka2  0-1

[Event "Jakarta Interzonal (Women)"]
[Site "Jakarta"]
[Date "1993.??.??"]
[Round "?"]
[White "Khurtsidze, Nino"]
[Black "Lumongdong, Lisa Karlina"]
[Result "1-0"]
[WhiteElo "2325"]
[BlackElo "2080"]

1.d4 Nf6 2.Nf3 g6 3.g3 Bg7 4.Bg2 O-O 5.c4 d6 6.O-O Nbd7 7.Nc3 e5 8.b3 Re8
9.Qc2 c6 10.Rd1 exd4 11.Nxd4 Qb6 12.h3 Nc5 13.Bf4 Nce4 14.Bxe4 Nxe4 15.Nxe4 Bxd4
16.c5 dxc5 17.Rxd4 cxd4 18.Nf6+ Kf8 19.Bd6+ Re7 20.Qe4 Qd8 21.Qxd4 c5 22.Qe5 Be6
23.Rd1 Rc8 24.Nd5  1-0

[Event "Jakarta Interzonal (Women)"]
[Site "Jakarta"]
[Date "1993.??.??"]
[Round "?"]
[White "Maric, Alisa"]
[Black "Cramling, Pia"]
[Result "1/2-1/2"]
[WhiteElo "2405"]
[BlackElo "2525"]

1.d4 Nf6 2.Nf3 g6 3.c4 Bg7 4.g3 O-O 5.Bg2 d6 6.O-O Nc6 7.Nc3 a6 8.d5 Na5
9.Nd2 c5 10.Qc2 e5 11.b3 Nh5 12.e4 f5 13.exf5 gxf5 14.Bb2 Bd7 15.Ne2 f4 16.f3 Bh6
17.g4 Nf6 18.Ne4 Nxe4 19.Qxe4 Bg5 20.Nc3 b5 21.Rf2 Be8 22.Qd3 Rb8 23.Ne4 Bg6
24.Bc3 Bh4 25.Re2 bxc4 26.bxc4 Qc7 27.Bf1 Bd8 28.Rb2 Rxb2 29.Bxb2 Qd7 30.Qc2 Nb7
31.Bd3 h5  1/2-1/2

[Event "Jakarta Interzonal (Women)"]
[Site "Jakarta"]
[Date "1993.??.??"]
[Round "?"]
[White "Maric, Alisa"]
[Black "Safranska, Anda"]
[Result "1-0"]
[WhiteElo "2405"]
[BlackElo "2290"]

1.d4 Nf6 2.c4 g6 3.Nf3 Bg7 4.g3 d6 5.Bg2 O-O 6.O-O Nc6 7.Nc3 a6 8.h3 Bd7
9.Bg5 h6 10.Be3 Rb8 11.Qc1 Kh7 12.Nd2 e6 13.a3 Ne7 14.Rd1 b5 15.cxb5 axb5
16.b4 Nfd5 17.Nxd5 Nxd5 18.Nb3 Nxe3 19.Qxe3 e5 20.Rac1 Re8 21.dxe5 Rxe5 22.Qa7 Rc8
23.Nd4 Re7 24.Nc6 Bxc6 25.Bxc6 Rb8 26.Rc2 Rb6 27.Rd3 Qe8 28.Kg2 h5 29.h4 Qd8
30.e4 Qc8 31.Bd5 Qd8 32.Rc6 Rb8 33.Rf3 Ra8 34.Rxd6 cxd6 35.Qxa8 Qxa8 36.Bxa8 Bb2
37.Bc6 Ra7 38.Bxb5 Bxa3 39.Rb3 Bc1 40.Bc4 Rb7 41.b5 Bd2 42.Bd5 Rb6 43.Bxf7 Ba5
44.Be8 Rb8 45.Bc6 Bb6 46.Rf3 Kg7 47.Rd3 Rd8 48.f4 Kf6 49.Rd5 Ba7 50.e5+  1-0

[Event "Jakarta Interzonal (Women)"]
[Site "Jakarta"]
[Date "1993.??.??"]
[Round "?"]
[White "Maric, Alisa"]
[Black "Wang Pin"]
[Result "1/2-1/2"]
[WhiteElo "2405"]
[BlackElo "2335"]

1.d4 Nf6 2.c4 g6 3.Nf3 Bg7 4.g3 O-O 5.Bg2 d6 6.O-O Nc6 7.Nc3 b6 8.d5 Na5
9.Nd2 c5 10.Qc2 Rb8 11.b3 b5 12.Rb1 bxc4 13.bxc4 Rxb1 14.Ncxb1 Bd7 15.Nc3 Qc7
16.Bb2 Rb8 17.Rb1 Be8 18.Nd1 Nd7 19.Bxg7 Rxb1 20.Qxb1 Kxg7 21.Ne3 Qb6 22.Qa1+ Kg8
23.Bh3 Qb4 24.Bxd7 Bxd7 25.Qc1 Nb7 26.h4 h5 27.f3 Nd8 28.Ng2 f6 29.Nf4 Kh7
30.a3 Qb7 31.Qb1 Qxb1+ 32.Nxb1 e5 33.Nd3 Nb7 34.Nd2 Kg7 35.Nb2 Kf7 36.Kf2 Na5
37.Ne4 Ke7 38.Nd2 Kf7 39.Ne4 Ke7 40.Nd2 Kf7  1/2-1/2

[Event "Katowice op"]
[Site "Katowice"]
[Date "1993.??.??"]
[Round "2"]
[White "Galliamova, Alisa"]
[Black "Pachow, Joerg"]
[Result "0-1"]
[WhiteElo "2445"]
[BlackElo "2300"]

1.d4 Nf6 2.c4 g6 3.Nf3 Bg7 4.g3 O-O 5.Bg2 d6 6.O-O Nbd7 7.Nc3 e5 8.e4 exd4
9.Nxd4 Re8 10.h3 a6 11.Re1 Rb8 12.Rb1 Ne5 13.b3 Bd7 14.a4 Qc8 15.Kh2 h5 16.Be3 h4
17.gxh4 c5 18.Nc2 Neg4+ 19.Kg1 Nxe3 20.Rxe3 Nh5 21.Qxd6 Be5 22.Qd1 Nf4 23.Qf3 Ne6
24.Rd1 Kg7 25.Nd5 b5 26.axb5 axb5 27.Red3 bxc4 28.bxc4 Ba4 29.Nce3 Nd4 30.Qg4 Bd7  0-1

[Event "Katowice op"]
[Site "Katowice"]
[Date "1993.??.??"]
[Round "4"]
[White "Matlak, Marek"]
[Black "Mainka, Romuald"]
[Result "0-1"]
[WhiteElo "2435"]
[BlackElo "2515"]

1.d4 Nf6 2.Nf3 g6 3.c4 Bg7 4.g3 O-O 5.Bg2 d6 6.O-O c6 7.b3 Qa5 8.Bb2 Qh5
9.Nbd2 Re8 10.e4 Bg4 11.Qc2 e5 12.dxe5 dxe5 13.c5 Na6 14.a3 Rad8 15.b4 Nc7
16.Rfe1 Bh6 17.a4 Ne6 18.Ra3 Bxd2 19.Nxd2 Nd4 20.Bxd4 Rxd4 21.Nc4 Red8 22.b5 Bd1
23.Qa2 Bg4 24.Qc2 Be6 25.Nd6 cxb5 26.axb5 b6 27.Nb7 Rd1 28.Ra1 R1d2 29.Qc1 R8d4
30.Rf1 Ng4 31.h3 Nxf2 32.Rxf2 Rd1+ 33.Kh2 Rxc1 34.Rxc1 bxc5 35.Nxc5 Rc4 36.Nd7 Qg5
37.Nf6+ Kg7 38.Ra1 Rc3 39.g4 Qe3  0-1

[Event "Katowice op"]
[Site "Katowice"]
[Date "1993.??.??"]
[Round "5"]
[White "Jasnikowski, Zbigniew"]
[Black "Malisauskas, Vidmantas"]
[Result "0-1"]
[WhiteElo "2460"]
[BlackElo "2570"]

1.d4 Nf6 2.c4 g6 3.Nf3 Bg7 4.g3 O-O 5.Bg2 d6 6.Nc3 Nc6 7.O-O Bf5 8.d5 Na5
9.Nd2 c6 10.e4 Bg4 11.Qa4 cxd5 12.cxd5 Bd7 13.Qb4 Qb6 14.Qxb6 axb6 15.a4 Rfc8
16.Ra3 Ng4 17.Bh3 Ne5 18.Bxd7 Nxd7 19.Ndb1 Nc4 20.Rb3 Nc5 21.Rb5 Ra5 22.Rb4 Nd3
23.Rb3 Rac5 24.Rd1 Nxc1 25.Rxc1 f5 26.exf5 gxf5 27.Rd1 Kf7 28.Kg2 Be5 29.Rd3 Ra8
30.Rb4 Rac8 31.Rf3 Kg6 32.Rd3 b5 33.axb5 Nb6 34.g4 Rc4 35.gxf5+ Kxf5 36.Rf3+ Kg6
37.Rxc4 Rxc4 38.Rf8 Nd7 39.Rd8 Nc5 40.Rg8+ Kf7 41.Rc8 Rg4+ 42.Kf3 Rb4 43.Nd2 Rxb2
44.Nce4 Nxe4 45.Nxe4 h6 46.Kg4 Rxb5 47.f4 Bb2 48.Rc7 Ke8 49.h4 Kd8 50.Rc2 Rb4
51.Kf5 b5 52.h5 Kd7 53.Rg2 Bd4 54.Re2 Ra4 55.Kg6 b4 56.f5 b3 57.f6 exf6 58.Nxf6+ Kc7
59.Ne8+ Kd8  0-1

[Event "Katowice op"]
[Site "Katowice"]
[Date "1993.??.??"]
[Round "6"]
[White "Fominyh, Alexander"]
[Black "Khait, A."]
[Result "1-0"]
[WhiteElo "2505"]
[BlackElo "2410"]

1.d4 Nf6 2.Nf3 g6 3.c4 Bg7 4.g3 O-O 5.Bg2 d6 6.O-O Nbd7 7.Qc2 e5 8.Rd1 Qe7
9.Nc3 c6 10.e4 exd4 11.Nxd4 Re8 12.Bf4 Ne5 13.b3 Bd7 14.h3 Rad8 15.Be3 Bc8
16.f4 Ned7 17.Bf2 Nc5 18.Re1 h5 19.b4 Ne6 20.Nf3 Qc7 21.Rad1 Nf8 22.Qa4 N6d7
23.Rc1 Nb6 24.Qb3 Be6 25.Nd5 cxd5 26.cxd5 Bxd5 27.Rxc7 Bxb3 28.axb3 Rd7 29.Rc2 Rc8
30.Rxc8 Nxc8 31.Rc1 Ne7 32.Bf1 Ne6 33.Bxa7 d5 34.Rd1 Nc8 35.Bf2 Nc7 36.h4 Ne7
37.Bh3 f5 38.Bc5 Bf6 39.e5 Bg7 40.Ng5 Nc8 41.Bf1 Bf8 42.Kf2 Be7 43.Bxe7 Nxe7
44.Rc1 Ne8 45.Ne6 Kf7 46.Ng5+ Kg8 47.Ra1 Rc7 48.Ra8 Rc8 49.Rxc8 Nxc8 50.Ne6 Na7
51.Ke3 b6 52.Kd4 Nc6+ 53.Kxd5 Nxb4+ 54.Kc4  1-0

[Event "Katowice op"]
[Site "Katowice"]
[Date "1993.??.??"]
[Round "7"]
[White "Maiwald, Jens Uwe"]
[Black "Sotnikov, Igor"]
[Result "1-0"]
[WhiteElo "2400"]
[BlackElo "2280"]

1.d4 Nf6 2.c4 g6 3.Nf3 Bg7 4.g3 O-O 5.Bg2 d6 6.O-O Nc6 7.Nc3 a6 8.b3 Rb8
9.Bb2 b5 10.cxb5 axb5 11.Rc1 Bd7 12.Qc2 Bh6 13.e3 Rb6 14.Rfd1 Qb8 15.h3 e6
16.Ba1 Rc8 17.d5 Nb4 18.Ne4 Nxe4 19.Qxe4 c5 20.Qh4 Bg7 21.dxe6 Bxe6 22.Ng5 h5
23.Nxe6 fxe6 24.Qe7 Bxa1 25.Qxe6+ Kg7 26.Rxa1 Rf8 27.a4 Rf6 28.Qe7+ Rf7 29.Qe4 bxa4
30.Rxa4 d5 31.Qb1 Qe5 32.Ra5 Rc6 33.Qa1 Qxa1 34.Rdxa1 Rcc7 35.Rd1 Rfd7 36.Rc1 c4
37.bxc4 Rxc4 38.Rd1 d4 39.Ra4 d3 40.Bf1 Rdc7 41.Kg2 Nd5 42.Rxc4 Rxc4 43.Bxd3 Rc5
44.Ra1 Rc3 45.Ra7+ Kh6 46.Bb1 Rc1 47.Be4 Nf6 48.Ba8 g5 49.e4 Re1 50.Re7 g4
51.h4 Kg6 52.Bc6 Ng8 53.Re5 Nf6 54.Rc5 Kf7 55.e5 Ne4 56.Bd5+ Kg6 57.Rc4 Nd2
58.Rc6+ Kg7 59.Rc7+ Kh6 60.Re7 Ne4 61.Bc4 Nc5 62.Bf7 Ra1 63.f4 gxf3+ 64.Kxf3 Ra3+
65.Kg2 Ne4 66.Re6+ Kg7 67.Bxh5 Rxg3+ 68.Kh2 Re3 69.Re7+ Kh6 70.Bg4 Kg6 71.h5+ Kg5
72.Rg7+ Kh6 73.Rg6+ Kh7 74.e6 Nc5 75.Bf5 Re5 76.e7  1-0

[Event "Kecskemet2"]
[Site "Kecskemet"]
[Date "1993.??.??"]
[Round "9"]
[White "Brunner, Lucas"]
[Black "Groszpeter, Attila"]
[Result "1/2-1/2"]
[WhiteElo "2475"]
[BlackElo "2515"]

1.d4 Nf6 2.c4 g6 3.Nf3 Bg7 4.g3 O-O 5.Bg2 d6 6.O-O Nbd7 7.Nc3 e5 8.e4 c6
9.h3 Re8 10.Re1 exd4 11.Nxd4 Nc5 12.b3 a5 13.Bf4 a4  1/2-1/2

[Event "Kilkenny op"]
[Site "Kilkenny"]
[Date "1993.??.??"]
[Round "6"]
[White "Baburin, Alexander"]
[Black "Hennigan, Michael"]
[Result "1-0"]
[WhiteElo "2550"]
[BlackElo "2415"]

1.d4 Nf6 2.c4 g6 3.Nf3 Bg7 4.g3 O-O 5.Bg2 d6 6.O-O Nc6 7.d5 Na5 8.Nfd2 c5
9.Nc3 a6 10.Qc2 Rb8 11.b3 b5 12.Bb2 e5 13.dxe6 Bxe6 14.cxb5 axb5 15.Nce4 Nd5
16.Bxg7 Kxg7 17.Rfd1 f5 18.Nc3 Nb4 19.Qb2 Qf6 20.Rac1 Nbc6 21.Nf3 b4 22.Na4 Qxb2
23.Nxb2 Rfd8 24.e3 Kf6 25.h4 Na7 26.Ng5 Bg8 27.Bd5 Bxd5 28.Rxd5 h6 29.Nf3 Nb5
30.Na4 Nc6 31.Kg2 Ke6 32.Rd2 Ne7 33.Rcd1 Rdc8 34.Ne1 Rc6 35.Nd3 Nc3 36.Nf4+ Kf7
37.Nxc3 bxc3 38.Rc2 Rg8 39.Ne2 c4 40.bxc4 Rxc4 41.Rxc3 Rgc8 42.Rxc4 Rxc4
43.Rxd6 Rc2 44.Nd4 Rxa2 45.h5 Ra5 46.Rd7 Rc5 47.hxg6+ Kf6 48.g7 Rc8 49.Rd6+ Kxg7
50.Re6 Kf7 51.Rxh6  1-0

[Event "Komotini GP"]
[Site "Komotini"]
[Date "1993.??.??"]
[Round "6"]
[White "Moutousis, Konstantinos"]
[Black "Oney, Feridun"]
[Result "1-0"]
[WhiteElo "2425"]
[BlackElo "2300"]

1.d4 Nf6 2.c4 g6 3.Nf3 Bg7 4.g3 O-O 5.Bg2 d6 6.O-O Nc6 7.Nc3 a6 8.d5 Na5
9.Nd2 c5 10.Qc2 Rb8 11.b3 b5 12.Bb2 Bh6 13.f4 bxc4 14.bxc4 Ng4 15.Nd1 Rxb2
16.Qxb2 Bg7 17.Qc1 e5 18.h3 Nh6 19.Rb1 Nf5 20.Ne4 exf4 21.gxf4 Re8 22.Kh2 Bd7
23.e3 Qh4 24.Ndf2 Nxc4 25.Qxc4 Nxe3 26.Qc1 Nxf1+ 27.Bxf1 Bh6 28.Qc3 Bxf4+
29.Kg2 Be5 30.Qf3 f5 31.Nc3 g5 32.Rb7 g4 33.Qd3 Bd4 34.Ncd1 Bb5 35.Qxf5 Kh8
36.Bxb5 axb5 37.hxg4 Be5 38.Qh5 Qxh5 39.gxh5 b4 40.h6 Ra8 41.Ng4 Bd4 42.Kf3 Kg8
43.Nde3 Rxa2 44.Nf5 Ra3+ 45.Ke4  1-0

[Event "Komotini GP"]
[Site "Komotini"]
[Date "1993.??.??"]
[Round "8"]
[White "Pigusov, Evgeny"]
[Black "Moutousis, Konstantinos"]
[Result "1-0"]
[WhiteElo "2585"]
[BlackElo "2425"]

1.Nf3 Nf6 2.c4 g6 3.d4 Bg7 4.g3 O-O 5.Bg2 d6 6.O-O Nbd7 7.Nc3 e5 8.e4 c6
9.b3 exd4 10.Nxd4 Re8 11.h3 Qe7 12.Re1 Nc5 13.Bf4 a5 14.Nc2 Rd8 15.Qd2 a4
16.b4 Ne6 17.Be3 Qc7 18.Rac1 Nd7 19.Na3 h5 20.Red1 Nf6 21.Nd5 cxd5 22.cxd5 Qe7
23.dxe6 Bxe6 24.Bg5 Rd7 25.Nb5 Rad8 26.Nc3 Ra8 27.Nb5 Rad8 28.Re1 Kh7 29.Nc3 Ra8
30.Qf4 Rc7 31.Re3 Rac8 32.Rf3 Qd8 33.Ne2 Rxc1+ 34.Nxc1 Qb6 35.Bxf6 Bxf6 36.Qxf6 Rxc1+
37.Kh2 Qxb4 38.a3 Qe1 39.g4 Qg1+ 40.Kg3 Rc5 41.Qe7 Qa1 42.Rf6 Qc3+ 43.f3 Rc7
44.Qxd6 Rd7 45.Rxf7+ Rxf7 46.Qxe6 Qf6 47.Qxf6 Rxf6 48.e5 Rb6 49.f4 Rb3+ 50.Kh4 hxg4
51.hxg4 b5 52.Kg5 Kg7 53.Bc6 b4 54.Bxa4 Rxa3 55.Bc2 b3 56.Bxg6 b2 57.f5 Re3
58.f6+ Kf8 59.Kf4 Re1 60.g5 Kg8 61.Bd3 Rf1+ 62.Kg4 Rg1+ 63.Kf5 b1=Q 64.Bxb1 Rxb1
65.e6 Re1 66.g6 Kf8 67.e7+ Ke8 68.Kg5 Re6 69.g7 Kf7 70.g8=Q+ Kxg8 71.Kg6 Kh8
72.Kf7 Re1 73.e8=Q+  1-0

[Event "Las Palmas op"]
[Site "Las Palmas"]
[Date "1993.??.??"]
[Round "?"]
[White "Izeta Txabarri, Felix"]
[Black "Lezcano Jaen, Pedro"]
[Result "1/2-1/2"]
[WhiteElo "2510"]
[BlackElo "2295"]

1.d4 Nf6 2.Nf3 g6 3.c4 Bg7 4.g3 O-O 5.Bg2 d6 6.O-O Nbd7 7.Nc3 e5 8.e4 a6
9.Re1 Rb8 10.h3 exd4 11.Nxd4 Re8 12.Rb1 c5 13.Nc2 b5 14.cxb5 axb5 15.Qxd6 Rb6
16.Qd1 Rbe6 17.b4 Bb7 18.bxc5 Nxc5 19.Qxd8 Rxd8 20.Bg5 Rd3 21.Nxb5 Nfxe4
22.Be3 Rd7 23.Red1 Rxd1+ 24.Rxd1 Bf6 25.f3 Nxg3 26.Bxc5 Ne2+ 27.Kh1 Re5 28.Bd4 Rd5
29.f4 Bh4 30.Ne3 Rxb5 31.Bxb7 Rxb7 32.Be5 f6 33.Bd6 Ng3+  1/2-1/2

[Event "Las Palmas2"]
[Site "Las Palmas"]
[Date "1993.??.??"]
[Round "?"]
[White "Rodrigues, Adriano Pfuhl"]
[Black "Matamoros Franco, Carlos S"]
[Result "1/2-1/2"]
[WhiteElo "2260"]
[BlackElo "2410"]

1.Nf3 Nf6 2.c4 g6 3.g3 Bg7 4.Bg2 d6 5.d4 O-O 6.O-O Nbd7 7.Nc3 e5 8.Qc2 Re8
9.Rd1 c6 10.b3 a6 11.dxe5 dxe5 12.Ng5 e4 13.Bb2 e3 14.f4 Qa5 15.Nce4 h6 16.Bc3 Qc7
17.Nd6 hxg5 18.fxg5 Rd8 19.gxf6 Nxf6 20.c5 Qe7 21.Rd3 Ne8 22.Bxg7 Nxg7 23.Qc3 Nf5
24.Rad1 Be6 25.Qe5 Nxd6 26.cxd6 Qd7 27.Rd4 Bg4 28.Qg5 Bxe2 29.Re1 Bb5 30.a4 c5
31.Rh4 Qxd6 32.axb5 axb5 33.Qxe3 Re8 34.Re4 Rxe4 35.Qxe4 Ra2 36.Qe8+ Kg7
37.Qe5+ Qxe5 38.Rxe5 b6 39.Re7 Rd2 40.Rb7 c4 41.bxc4 bxc4 42.Rc7 b5 43.h4 b4
44.Rxc4 b3 45.Rb4 b2 46.Kh2 f5 47.Rb6 Kh6 48.Kh3 Rc2 49.Bd5 Rd2 50.Bf7 Rd7
51.Ba2 Rd2 52.Bb1 Kg7 53.h5 Rd1 54.Rxg6+ Kh7 55.Bxf5 Rd5 56.Bb1 Rd1 57.Be4 Rd4
58.Bc2 Rd2 59.Bf5 Rd5 60.Rg5+ Kh6 61.Kg2  1/2-1/2

[Event "Leeuwarden op"]
[Site "Leeuwarden"]
[Date "1993.??.??"]
[Round "6"]
[White "Straub, Peter"]
[Black "Leuw, Mi"]
[Result "1-0"]
[WhiteElo "2155"]
[BlackElo "2325"]

1.d4 d6 2.Nf3 g6 3.g3 Bg7 4.Bg2 Nf6 5.c4 O-O 6.O-O Nc6 7.d5 Na5 8.Qa4 c5
9.Bd2 b6 10.Bc3 a6 11.Nbd2 Bd7 12.Qc2 Rb8 13.a4 Qc7 14.e4 Ra8 15.Rfe1 b5
16.b3 bxa4 17.bxa4 Rab8 18.Nh4 Nh5 19.Bf3 Bxc3 20.Qxc3 Ng7 21.e5 Rb4 22.exd6 exd6
23.Re7 Qd8 24.Rae1 Bh3 25.Bg2 Bxg2 26.Kxg2 Re8 27.Qf6 Rxe7 28.Rxe7 Qf8 29.Qxd6 Nxc4
30.Nxc4 Rxc4 31.Qf6 Rd4 32.d6 Qa8+ 33.Nf3 Rd3  1-0

[Event "Leeuwarden op"]
[Site "Leeuwarden"]
[Date "1993.??.??"]
[Round "7"]
[White "Huzman, Alexander"]
[Black "Van Wely, Loek"]
[Result "1/2-1/2"]
[WhiteElo "2520"]
[BlackElo "2585"]

1.d4 Nf6 2.Nf3 g6 3.c4 Bg7 4.g3 O-O 5.Bg2 d6 6.O-O Nbd7 7.Nc3 e5 8.e4 exd4
9.Nxd4 Re8 10.h3 a6 11.Rb1 Rb8 12.Re1 Ne5 13.b3 c5 14.Nf3 Nxf3+ 15.Qxf3 b5
16.Bf4 Nh5 17.Bd2 Nf6 18.Bf4 Nh5 19.Bd2 Nf6  1/2-1/2

[Event "Lenk op"]
[Site "Lenk"]
[Date "1993.??.??"]
[Round "3"]
[White "Csom, Istvan"]
[Black "Weindl, Alfred"]
[Result "1/2-1/2"]
[WhiteElo "2520"]
[BlackElo "2350"]

1.d4 Nf6 2.Nf3 g6 3.c4 Bg7 4.g3 O-O 5.Bg2 d6 6.Nc3 Nbd7 7.O-O e5 8.b3 Re8
9.h3 exd4 10.Nxd4 Nc5 11.Bb2 Bd7 12.Rc1 Qc8 13.Kh2 h5 14.Nf3 a5 15.Ba1 Qd8
16.Re1 Bf5 17.Nd4 Bd7 18.Nf3 Bf5 19.Nd4 Bd7  1/2-1/2

[Event "Lenk-J"]
[Site "Lenk"]
[Date "1993.??.??"]
[Round "5"]
[White "Gerber, Richard"]
[Black "Schmaltz, Roland"]
[Result "0-1"]
[WhiteElo "2320"]
[BlackElo "2390"]

1.Nf3 g6 2.g3 Bg7 3.d4 Nf6 4.Bg2 O-O 5.c4 d6 6.Nc3 Nbd7 7.O-O e5 8.h3 Re8
9.e4 exd4 10.Nxd4 Nc5 11.Re1 Bd7 12.Bf4 h6 13.Qc2 Qc8 14.Kh2 a6 15.Rad1 Nh7
16.b4 Bxd4 17.bxc5 Bxc5 18.Bxh6 Re5 19.Rd5 c6 20.Rxe5 dxe5 21.Na4 Bd4 22.Be3 Bxe3
23.Rxe3 Qc7 24.c5 Rd8 25.Nb6 Be6 26.Bf1 Qe7 27.Rd3 Rxd3 28.Bxd3 Ng5 29.h4 Nf3+
30.Kh1 Ne1 31.Qd1 Nxd3 32.Qxd3 Qxc5 33.Qd8+ Kg7 34.Kg2 Qd4 35.Qxd4 exd4 36.a3 Bb3
37.Kf1 c5 38.Ke2 c4 39.g4 c3 40.Kd3 Bd1 41.g5 Bf3  0-1

[Event "Liechtenstein op"]
[Site "Liechtenstein"]
[Date "1993.??.??"]
[Round "5"]
[White "Baburin, Alexander"]
[Black "Robovic, Saudin"]
[Result "1/2-1/2"]
[WhiteElo "2530"]
[BlackElo "2360"]

1.d4 Nf6 2.c4 g6 3.Nf3 Bg7 4.g3 O-O 5.Bg2 d6 6.O-O Nbd7 7.Nc3 e5 8.e4 a6
9.Re1 exd4 10.Nxd4 Ng4 11.f3 Nge5 12.b3 c5 13.Nde2 b5 14.cxb5 axb5 15.Be3 b4
16.Na4 Nc4 17.bxc4 Bxa1 18.Nxc5 Rxa2 19.Nd3 Bg7 20.Nxb4 Ra1 21.Qd2 Rxe1+
22.Qxe1 Qa5 23.Nd4 Ne5 24.Bf2 Bd7 25.Nd5 Qxe1+ 26.Bxe1 Nxc4 27.Bc3 Rb8 28.Bf1 Nd2
29.Bxd2 Bxd4+ 30.Be3 Bxe3+ 31.Nxe3 Rb1 32.Kf2 Rb2+ 33.Kg1 Bb5 34.Bxb5 Rxb5
35.Nc4 d5 36.exd5 Rxd5 37.h4 Kg7 38.Kf2 Rd4 39.Ne5 Rd2+ 40.Ke3 Rg2 41.Kf4 Ra2
42.g4 Kf6 43.g5+ Ke6 44.Ng4 Ra4+ 45.Kg3 Rb4 46.Kh3 Rf4 47.Kg3 Rd4 48.Nf6 h6
49.Ne4 hxg5 50.Nxg5+ Kf6 51.Ne4+ Kf5 52.Ng5 f6 53.Nh3 Ra4 54.Nf2 Ke6 55.Nd3 Kf7
56.Nf4 Kg7 57.Nd5 Rd4 58.Ne3 Rd6 59.Ng4 Re6 60.Kf4 Re1 61.Kg3 Ra1 62.Nf2 Ra4
63.Ne4 Ra6 64.Nc5 Rc6 65.Nd3 Kh6 66.Nf4 g5 67.Nh3 gxh4+ 68.Kxh4 Rc4+ 69.Kg3 Kg6
70.Nf4+ Kf5 71.Nd5 Rd4 72.Ne3+ Kg5 73.Ng2 Ra4 74.f4+ Kf5 75.Kf3 Ra3+ 76.Ne3+ Ke6
77.Ke4 Ra4+ 78.Kf3 f5 79.Kg3 Ra8 80.Kf3 Rf8 81.Ke2 Rh8 82.Kf3 Rh3+ 83.Ke2 Rh2+
84.Kf3 Ra2  1/2-1/2

[Event "SWE-ch"]
[Site "Lindesberg"]
[Date "1993.??.??"]
[Round "10"]
[White "Engqvist, Thomas"]
[Black "Jonsson, Hans"]
[Result "1-0"]
[WhiteElo "2420"]
[BlackElo "2345"]

1.d4 Nf6 2.Nf3 g6 3.c4 Bg7 4.g3 O-O 5.Bg2 d6 6.O-O Nc6 7.Nc3 Bf5 8.b3 e5
9.d5 Nd4 10.Ne1 Bd7 11.e3 Nf5 12.Bb2 Qc8 13.b4 a5 14.a3 b6 15.c5 axb4 16.axb4 Rxa1
17.Qxa1 bxc5 18.bxc5 dxc5 19.Nd3 c6 20.Nxe5 cxd5 21.Nxd5 Nxd5 22.Bxd5 Be6
23.Bg2 Qc7 24.Rc1 Rb8 25.Bc3 Rb3 26.Qa8+ Rb8 27.Qe4 Ne7 28.Nf3 Bxc3 29.Rxc3 Qa5
30.Rc1 Qa3 31.Qc2 c4 32.Ng5 Rb2 33.Qd1 Qd3 34.Qxd3 cxd3 35.Nxe6 fxe6 36.Rd1 d2
37.Kf1 Kg7 38.Ke2 Kf6 39.Rxd2 Rxd2+ 40.Kxd2 g5 41.Kd3 Ke5 42.Be4 h6 43.f4+ gxf4
44.gxf4+ Kf6 45.Kd4 Nc8 46.Bd3 Nd6 47.e4 Nf7 48.e5+ Ke7 49.Bg6 Nd8 50.Kc5 Kd7
51.Kb6 Kc8 52.Be8 Kb8 53.Bd7  1-0